[Event "18sen.Bay.EM2006 Schney op"]
[Site "Schloss Schney (25.6.-3.7)"]
[Date "2006.06.26"]
[Round "2.22"]
[White "Brockhaus, Werner"]
[Black "Mueller, Helmut(05.35)++"]
[Result "0-1"]
[WhiteElo "1510"]
[BlackElo "1850"]
[PlyCount "116"]
[EventDate "2006.07.??"]
[Source "Ganslmayer"]
[SourceDate "2012.12.20"]

1. d4 Nf6 2. Nf3 g6 3. e3 Bg7 4. Bd3 O-O 5. O-O d6 6. c3 Nbd7 7. h3 b6 8. Qe2
Bb7 9. Nbd2 e5 10. dxe5 dxe5 11. Ba6 Bxa6 12. Qxa6 e4 13. Nh2 Nc5 14. Qe2 Qd3
15. Qxd3 Nxd3 16. f3 Bh6 17. f4 Rfe8 18. g4 Nd5 19. Nc4 b5 20. Na5 Nxc1 21.
Raxc1 Nxe3 22. g5 Bf8 23. b4 Nxf1 24. Rxf1 c5 25. bxc5 Bxc5+ 26. Kg2 e3 27. Re1
Rad8 28. Ng4 Rd2+ 29. Kf3 Re6 30. Re2 Rd3 31. c4 Bb6 32. Ne5 Ra3 33. Nb3 Rxe5
34. fxe5 bxc4 35. Nc1 Rc3 36. Re1 Kf8 37. Ke4 Ke7 38. Kd5 Rc2 39. Ke4 Ke6 40.
Rf1 Rf2 41. Rd1 Bc5 42. Re1 Rf5 43. Ne2 Rxe5+ 44. Kf3 Rxg5 45. Nf4+ Ke7 46. Ke4
f6 47. Nd5+ Kf7 48. Nc7 Re5+ 49. Kf3 g5 50. Ke2 f5 51. Rd1 f4 52. Rd7+ Kg6 53.
Rd1 Kf5 54. Nd5 h5 55. Nc3 Bb4 56. Nb1 Ke4 57. Rf1 Ra5 58. a3 Bxa3 0-1

[Event "18sen.Bay.EM2006 Schney op"]
[Site "Schloss Schney (25.6.-3.7)"]
[Date "2006.06.26"]
[Round "2.23"]
[White "Mahrla, Hans Dr"]
[Black "Neumeister, Herbert Dr"]
[Result "1-0"]
[WhiteElo "1678"]
[BlackElo "1753"]
[PlyCount "143"]
[EventDate "2006.07.??"]
[Source "Ganslmayer"]
[SourceDate "2012.12.20"]

1. e4 c5 2. Nf3 Nc6 3. d4 cxd4 4. Nxd4 Nf6 5. Nc3 e5 6. Nxc6 bxc6 7. a3 Be7 8.
Bc4 O-O 9. O-O d6 10. Qe2 Qc7 11. Rd1 a5 12. Be3 Kh8 13. f3 Ne8 14. Bd3 f5 15.
exf5 Bxf5 16. Bxf5 Rxf5 17. Ne4 d5 18. Ng3 Rf8 19. Rf1 Nf6 20. Nf5 d4 21. Bxd4
exd4 22. Qxe7 Qxe7 23. Nxe7 c5 24. Rfe1 Nd7 25. Kf2 Rf6 26. Nd5 Rd6 27. Nc7 Rb8
28. Re8+ Rxe8 29. Nxe8 Rc6 30. Re1 Nb6 31. Nc7 Kg8 32. Nb5 Nd5 33. Re2 Ne3 34.
c3 Rb6 35. a4 Re6 36. Re1 Kf7 37. cxd4 Nc2 38. Rxe6 Kxe6 39. dxc5 Kd5 40. Ke2
Kxc5 41. Kd2 Nb4 42. g3 Nd5 43. Nc3 Nb6 44. b3 Kb4 45. Kc2 Nd7 46. Na2+ Ka3 47.
Nc3 Nc5 48. Nb5+ Kb4 49. Nd4 Nb7 50. g4 g5 51. h3 Nd8 52. Kb2 Kc5 53. Kc3 Nf7
54. Ne2 Kd5 55. b4 axb4+ 56. Kxb4 Ne5 57. Kb5 Kd6 58. f4 gxf4 59. Nxf4 Kc7 60.
g5 Nf3 61. g6 hxg6 62. Nxg6 Nd4+ 63. Kc4 Nf5 64. h4 Kc6 65. h5 Kb6 66. Kb4 Nh6
67. Ne5 Nf5 68. Nd7+ Kc6 69. Ne5+ Kb6 70. Nc4+ Kb7 71. a5 Ka6 72. Ka4 1-0

[Event "18sen.Bay.EM2006 Schney op"]
[Site "Schloss Schney (25.6.-3.7)"]
[Date "2006.06.26"]
[Round "2.24"]
[White "Ambros, Hans"]
[Black "Dohmel, Wolfgang(39)++"]
[Result "0-1"]
[WhiteElo "1203"]
[BlackElo "1770"]
[PlyCount "86"]
[EventDate "2006.07.??"]
[Source "Ganslmayer"]
[SourceDate "2012.12.20"]

1. c4 f5 2. d4 Nf6 3. Bf4 e6 4. a3 Be7 5. Nc3 d6 6. e3 O-O 7. Nf3 b6 8. Be2 Bb7
9. O-O Nh5 10. h3 Nxf4 11. exf4 Nd7 12. b4 Bf6 13. Rc1 Qe7 14. b5 Rad8 15. a4
Rfe8 16. Re1 Qf7 17. Ra1 c5 18. Qc2 cxd4 19. Na2 d3 20. Qxd3 Nc5 21. Qc2 Be4
22. Qc1 Nb3 23. Qd1 Nxa1 24. Nd2 Ba8 25. Qc1 Bd4 26. Nf3 Bxf3 27. Bxf3 Nb3 28.
Qd1 Bxf2+ 29. Kxf2 Nc5 30. Nc3 Kh8 31. Bc6 Re7 32. Qc2 Qf6 33. Ne2 e5 34. fxe5
dxe5 35. Ng3 Nd3+ 36. Kf1 Nxe1 37. Kxe1 e4 38. Kf1 g6 39. Kg1 Rd3 40. Nf1 Qd4+
41. Kh2 Rc3 42. Qb2 Rxc4 43. Qxd4+ Rxd4 0-1

[Event "18sen.Bay.EM2006 Schney op"]
[Site "Schloss Schney (25.6.-3.7)"]
[Date "2006.06.26"]
[Round "2.25"]
[White "Weczerek, Franz"]
[Black "Porkristl, Werner"]
[Result "0-1"]
[WhiteElo "1706"]
[BlackElo "1635"]
[PlyCount "72"]
[EventDate "2006.07.??"]
[Source "Ganslmayer"]
[SourceDate "2012.12.20"]

1. d4 Nf6 2. c4 e6 3. Nc3 b6 4. e4 h6 5. Bd3 d6 6. f3 Be7 7. Nge2 O-O 8. Be3 c5
9. dxc5 bxc5 10. Qc2 Nc6 11. a3 e5 12. Nd5 Nd4 13. Nxd4 cxd4 14. Nxe7+ Qxe7 15.
Bd2 Nh5 16. O-O-O Be6 17. g3 Rfc8 18. f4 f6 19. fxe5 dxe5 20. Bb4 Qf7 21. b3 a5
22. Bd2 a4 23. Bb4 axb3 24. Qxb3 Bxc4 25. Bxc4 Rxc4+ 26. Kb2 Qc7 27. Rd2 Rc8
28. Rc1 Kh7 29. Rdc2 Rxc2+ 30. Rxc2 Qb7 31. Rxc8 Qxc8 32. Qd5 Qh3 33. a4 Qxh2+
34. Kb3 Qxg3+ 35. Kc4 Nf4 36. Qd7 Qd3+ 0-1

[Event "18sen.Bay.EM2006 Schney op"]
[Site "Schloss Schney (25.6.-3.7)"]
[Date "2006.06.26"]
[Round "2.27"]
[White "Klose, Hans-Peter"]
[Black "Fiedler, Werner(23)"]
[Result "1/2-1/2"]
[WhiteElo "1472"]
[BlackElo "1629"]
[PlyCount "55"]
[EventDate "2006.07.??"]
[Source "Ganslmayer"]
[SourceDate "2012.12.20"]

1. d4 d5 2. Bf4 Nf6 3. Nf3 e6 4. e3 Bd6 5. Ne5 O-O 6. Be2 Nbd7 7. O-O Ne4 8.
Nd2 Ndf6 9. Nxe4 Nxe4 10. f3 Nf6 11. c4 Nh5 12. c5 Nxf4 13. exf4 Be7 14. c6 f6
15. cxb7 Bxb7 16. Nd3 c6 17. Rc1 Qb6 18. Nc5 Bxc5 19. dxc5 Qc7 20. Qa4 Rfe8 21.
Rfe1 e5 22. g3 e4 23. fxe4 Rxe4 24. Qc2 Rae8 25. Qd2 Qe7 26. Kf2 g6 27. Bd3
Rxe1 28. Qxe1 1/2-1/2

[Event "18sen.Bay.EM2006 Schney op"]
[Site "Schloss Schney (25.6.-3.7)"]
[Date "2006.06.26"]
[Round "2.29"]
[White "Petzold, Hans ProfDr(36)"]
[Black "Jurgan, Brigitte"]
[Result "1-0"]
[WhiteElo "2023"]
[BlackElo "1163"]
[PlyCount "55"]
[EventDate "2006.07.??"]
[Source "Ganslmayer"]
[SourceDate "2012.12.20"]

1. e4 Nc6 2. d4 e6 3. Nf3 d5 4. e5 g6 5. Bg5 Nge7 6. Bf6 Qd7 7. Bxh8 Nf5 8. g4
Ng7 9. h4 b6 10. h5 gxh5 11. gxh5 Bb7 12. Bxg7 Bxg7 13. h6 Bh8 14. c3 O-O-O 15.
Bb5 Rg8 16. Qa4 Kb8 17. Nbd2 a6 18. Bxc6 Qxc6 19. Qc2 Qe8 20. Qxh7 f6 21. O-O-O
Qg6 22. Qxg6 Rxg6 23. Rdg1 Rxg1+ 24. Rxg1 Ka7 25. Rg8 fxe5 26. dxe5 Bxe5 27.
Nxe5 b5 28. h7 1-0

[Event "18sen.Bay.EM2006 Schney op"]
[Site "Schloss Schney (25.6.-3.7)"]
[Date "2006.06.26"]
[Round "2.30"]
[White "Reichenbacher, Gerhard"]
[Black "Van Houten, Henk"]
[Result "1/2-1/2"]
[WhiteElo "1716"]
[BlackElo "1597"]
[PlyCount "50"]
[EventDate "2006.07.??"]
[Source "Ganslmayer"]
[SourceDate "2012.12.20"]

1. Nf3 f5 2. c4 Nf6 3. Nc3 e6 4. g3 d6 5. Bg2 Be7 6. O-O O-O 7. d4 c6 8. b3 Ne4
9. Bb2 Nd7 10. Nd2 Nxc3 11. Bxc3 d5 12. f3 Nf6 13. e4 Qb6 14. Kh1 c5 15. dxc5
Qxc5 16. Rc1 dxe4 17. fxe4 Ng4 18. Qe2 Bd7 19. exf5 exf5 20. Nf3 Bf6 21. b4 Qe3
22. Qxe3 Nxe3 23. Rfe1 Nxg2 24. Kxg2 Bc6 25. Bxf6 Rxf6 1/2-1/2

[Event "18sen.Bay.EM2006 Schney op"]
[Site "Schloss Schney (25.6.-3.7)"]
[Date "2006.06.26"]
[Round "2.31"]
[White "Geisensetter, Kurt"]
[Black "Wanner, Georges"]
[Result "1/2-1/2"]
[WhiteElo "1644"]
[BlackElo "1593"]
[PlyCount "127"]
[EventDate "2006.07.??"]
[Source "Ganslmayer"]
[SourceDate "2012.12.20"]

1. Nf3 Nf6 2. c4 d6 3. d4 g6 4. Nc3 Bg7 5. e4 O-O 6. Be2 e5 7. d5 Na6 8. O-O
Nc5 9. Qc2 a5 10. Be3 Ng4 11. Bxc5 dxc5 12. h3 Nh6 13. Bd3 f5 14. Qd2 f4 15.
Nh2 f3 16. Nxf3 Rxf3 17. gxf3 Bxh3 18. Rfe1 Qh4 19. Bf1 Rf8 20. Bg2 Bxg2 21.
Kxg2 Rf4 22. Ne2 Qg5+ 23. Ng3 Qf6 24. Re3 b6 25. Rd1 Nf7 26. Rh1 Ng5 27. Qd1
Nf7 28. Ne2 Qg5+ 29. Kf1 Rh4 30. Rxh4 Qxh4 31. Rd3 Qh3+ 32. Ke1 Nd6 33. b3 Bh6
34. Ng1 Qg2 35. Ke2 Bf4 36. Qf1 Qh2 37. Ke1 Qh6 38. Qh3 Qxh3 39. Nxh3 g5 40.
Ke2 h6 41. Rd1 Nf7 42. Rg1 Kh7 43. Rh1 Kg6 44. Kd3 Kf6 45. Ng1 Kg6 46. Ne2 h5
47. Nc3 Nd6 48. Ne2 Nf7 49. Ng1 Kh6 50. Nh3 Kg6 51. Rg1 Kh7 52. a3 Kh6 53. Rb1
Nd6 54. b4 Nb7 55. bxa5 Nxa5 56. d6 cxd6 57. Rxb6 Bc1 58. Rxd6+ Kg7 59. Ra6 Nb3
60. Kc2 Nd4+ 61. Kxc1 Nxf3 62. Rc6 g4 63. Rc7+ Kg6 64. Rc6+ 1/2-1/2

[Event "18sen.Bay.EM2006 Schney op"]
[Site "Schloss Schney (25.6.-3.7)"]
[Date "2006.06.26"]
[Round "2.32"]
[White "Straesser, Gerda"]
[Black "Baumann, Walter(27)"]
[Result "0-1"]
[WhiteElo "1539"]
[BlackElo "1701"]
[PlyCount "52"]
[EventDate "2006.07.??"]
[Source "Ganslmayer"]
[SourceDate "2012.12.20"]

1. e4 e5 2. Nf3 Nc6 3. Bb5 a6 4. Ba4 Nf6 5. O-O b5 6. Bb3 Be7 7. Re1 O-O 8. c3
d5 9. exd5 Nxd5 10. Nxe5 Nxe5 11. Rxe5 c6 12. d4 Bd6 13. Re1 Qh4 14. g3 Qh3 15.
Bxd5 cxd5 16. Qf3 Bf5 17. Qxd5 Rae8 18. Re3 Bd3 19. Qg2 Qh5 20. Nd2 Rxe3 21.
fxe3 Qd1+ 22. Nf1 Re8 23. Qf2 Re6 24. e4 Bxe4 25. Qd2 Qf3 26. Qf2 Qh1# 0-1

[Event "18sen.Bay.EM2006 Schney op"]
[Site "Schloss Schney (25.6.-3.7)"]
[Date "2006.06.26"]
[Round "2.33"]
[White "Muenzenberg, Dietrich"]
[Black "Von Berg, Hans-Dieter"]
[Result "1-0"]
[WhiteElo "1697"]
[BlackElo "1491"]
[PlyCount "83"]
[EventDate "2006.07.??"]
[Source "Ganslmayer"]
[SourceDate "2012.12.20"]

1. d4 d5 2. Bg5 h6 3. Bh4 Nd7 4. f4 Ndf6 5. Nd2 Bf5 6. h3 Ne4 7. Ngf3 Nxd2 8.
Nxd2 Qd6 9. e3 Nf6 10. Bb5+ c6 11. Be2 Ne4 12. O-O Nxd2 13. Qxd2 Qg6 14. Kh2
Bxc2 15. g4 Be4 16. f5 Qd6+ 17. Bg3 Qd8 18. Bf3 Bxf3 19. Rxf3 h5 20. g5 Qd7 21.
Raf1 h4 22. Bf4 Qxf5 23. Be5 Qg6 24. Rxf7 Qxf7 25. Rxf7 Kxf7 26. Qf2+ Ke8 27.
g6 Kd8 28. Qf5 Rc8 29. b4 b5 30. a3 a6 31. Qf7 Kd7 32. Qf5+ Kd8 33. Kg2 Ra8 34.
Qe6 Rc8 35. Qf5 Ra8 36. Kf3 Rc8 37. e4 dxe4+ 38. Kxe4 Ra8 39. Bf4 Rc8 40. Ke5
Rc7 41. Ke6 Rc8 42. Qc5 1-0

[Event "18sen.Bay.EM2006 Schney op"]
[Site "Schloss Schney (25.6.-3.7)"]
[Date "2006.06.26"]
[Round "2.34"]
[White "Wilfert, Eva-Maria"]
[Black "Paulsen, Eckart"]
[Result "0-1"]
[WhiteElo "1543"]
[BlackElo "1646"]
[PlyCount "86"]
[EventDate "2006.07.??"]
[Source "Ganslmayer"]
[SourceDate "2012.12.20"]

1. e4 b6 2. d4 Bb7 3. d5 Nf6 4. Nc3 d6 5. Nf3 g6 6. Bg5 Bg7 7. Qd2 h6 8. Be3
Nbd7 9. Bc4 Ng4 10. Bd4 Nge5 11. Nxe5 Bxe5 12. Bxe5 Nxe5 13. Bb5+ c6 14. Be2
cxd5 15. exd5 Qc8 16. O-O Qc5 17. Rad1 O-O-O 18. Qd4 Qxd4 19. Rxd4 Kb8 20. f4
Nd7 21. b4 Rc8 22. Rd3 Rc7 23. Rff3 g5 24. Bd1 a6 25. Na4 b5 26. Nb2 gxf4 27.
Rxf4 Ne5 28. Rd2 Rg8 29. Bh5 e6 30. dxe6 fxe6 31. Bd1 Rcg7 32. g3 Bd5 33. a3
Rg5 34. Rh4 Bf3 35. Rxh6 Bxd1 36. Rxd1 Rc8 37. Rc1 Nf3+ 38. Kg2 Nd4 39. c3 Re5
40. a4 Re2+ 41. Kf1 Rxb2 42. axb5 Rf8+ 43. Ke1 Re2+ 0-1

[Event "18sen.Bay.EM2006 Schney op"]
[Site "Schloss Schney (25.6.-3.7)"]
[Date "2006.06.26"]
[Round "2.35"]
[White "Weschke, Wolfgang++"]
[Black "Karner, Irmgard"]
[Result "1/2-1/2"]
[WhiteElo "2114"]
[BlackElo "1575"]
[PlyCount "109"]
[EventDate "2006.07.??"]
[Source "Ganslmayer"]
[SourceDate "2012.12.20"]

1. d4 Nf6 2. c4 c6 3. Nc3 g6 4. e4 d6 5. h3 Bg7 6. Nf3 Qc7 7. Be2 Nbd7 8. O-O
O-O 9. Qc2 b6 10. Be3 Bb7 11. Rad1 h6 12. Qc1 Kh7 13. Nh2 Ng8 14. f4 e5 15. d5
c5 16. fxe5 Nxe5 17. Bf4 f6 18. b3 Rae8 19. Bg4 Bc8 20. Bxc8 Qxc8 21. Bxe5 fxe5
22. Rxf8 Rxf8 23. Rf1 h5 24. Rxf8 Qxf8 25. Qf1 Qe7 26. Qf2 Bf6 27. Nf3 Kg7 28.
Qb2 Qd7 29. Qa3 Ne7 30. Qa6 Nc8 31. Nb5 Kh6 32. Qa3 Kg7 33. Qc1 Qe7 34. Qe1 Qd7
35. Qg3 Kh6 36. Nc3 Qe7 37. h4 Kg7 38. Qh3 Qe8 39. g4 Qd7 40. Nh2 hxg4 41. Nxg4
Ne7 42. Kg2 a6 43. Ne2 Ng8 44. Kf3 Nh6 45. Ng3 Bd8 46. Nf1 Qf7+ 47. Kg2 Qf4 48.
Nxh6 Qxe4+ 49. Qf3 Qxf3+ 50. Kxf3 Kxh6 51. Kg4 Kg7 52. Ng3 Be7 53. h5 gxh5+ 54.
Nxh5+ Kg6 55. Ng3 1/2-1/2

[Event "18sen.Bay.EM2006 Schney op"]
[Site "Schloss Schney (25.6.-3.7)"]
[Date "2006.06.26"]
[Round "2.36"]
[White "Erdmann, Wolfgang"]
[Black "Harke, Horst"]
[Result "1/2-1/2"]
[WhiteElo "1505"]
[BlackElo "1666"]
[PlyCount "103"]
[EventDate "2006.07.??"]
[Source "Ganslmayer"]
[SourceDate "2012.12.20"]

1. d4 d5 2. Nf3 c6 3. e3 Bg4 4. h3 Bh5 5. Nbd2 Nf6 6. Bd3 Nbd7 7. c4 e5 8. dxe5
Nxe5 9. Be2 Bxf3 10. gxf3 dxc4 11. Nxc4 Qxd1+ 12. Kxd1 Nxc4 13. Bxc4 Rd8+ 14.
Ke2 Bc5 15. Bd2 Nd7 16. Bc3 f6 17. Rad1 b5 18. Be6 Ke7 19. Bf5 g6 20. Be4 Nb8
21. b4 Bb6 22. f4 Rxd1 23. Rxd1 Rd8 24. Rxd8 Bxd8 25. Bd4 Bb6 26. Bc3 Ke6 27.
h4 c5 28. bxc5 Bxc5 29. Bc2 b4 30. Bb2 Nc6 31. Be4 Nd8 32. h5 f5 33. Bf3 a5 34.
hxg6 hxg6 35. Kd3 a4 36. Kc4 Be7 37. Bd5+ Kd7 38. Bg8 Ne6 39. Bc1 b3 40. axb3
axb3 41. Kxb3 Nc5+ 42. Kc4 Ne4 43. Bh7 Nxf2 44. Bxg6 Ke6 45. Bh7 Ne4 46. Bg8+
Kf6 47. Bb2+ Kg6 48. Kd3 Nf6 49. Be6 Ne4 50. Bd4 Nc5+ 51. Bxc5 Bxc5 52. e4
1/2-1/2

[Event "18sen.Bay.EM2006 Schney op"]
[Site "Schloss Schney (25.6.-3.7)"]
[Date "2006.06.26"]
[Round "2.37"]
[White "Baessler, Arwed"]
[Black "Salomon, Heide++"]
[Result "1-0"]
[WhiteElo "1751"]
[BlackElo "1522"]
[PlyCount "97"]
[EventDate "2006.07.??"]
[Source "Ganslmayer"]
[SourceDate "2012.12.20"]

1. e4 e5 2. Nf3 Nf6 3. d3 Nc6 4. c3 d5 5. Qc2 dxe4 6. dxe4 Bd6 7. Bg5 h6 8. Bh4
Bg4 9. Be2 Bxf3 10. Bxf3 g5 11. Bg3 h5 12. h4 g4 13. Be2 Qe7 14. Nd2 O-O-O 15.
Nc4 Ne8 16. Ne3 Ng7 17. a3 Bc5 18. Nd5 Qf8 19. b4 Bd6 20. c4 Nd4 21. Qa4 f5 22.
c5 Bxc5 23. bxc5 Qxc5 24. Bc4 f4 25. Bh2 f3 26. O-O fxg2 27. Kxg2 Nf3 28. Bg3
Rhe8 29. Rac1 Qd4 30. Bb5 Rxd5 31. exd5 Qxd5 32. Rfd1 Nxh4+ 33. Kf1 Qg2+ 34.
Ke2 Qf3+ 35. Kd2 Rd8+ 36. Kc2 Rxd1 37. Rxd1 Nhf5 38. Bd7+ Kb8 39. Bxf5 Qxf5+
40. Kb2 a6 41. Qa5 Ne6 42. Qxe5 Qf7 43. Rh1 Ng7 44. Bf4 Ka7 45. Rc1 Ne6 46.
Be3+ b6 47. Rc6 Kb7 48. Rxe6 Qf3 49. Qe4+ 1-0

[Event "18sen.Bay.EM2006 Schney op"]
[Site "Schloss Schney (25.6.-3.7)"]
[Date "2006.06.26"]
[Round "2.38"]
[White "Kunert, Helmut"]
[Black "Winkler, Karl-Heinz(32)"]
[Result "0-1"]
[WhiteElo "1480"]
[BlackElo "1702"]
[PlyCount "36"]
[EventDate "2006.07.??"]
[Source "Ganslmayer"]
[SourceDate "2012.12.20"]

1. e4 Nc6 2. Nf3 e5 3. Bc4 h6 4. d4 exd4 5. O-O Bc5 6. c3 dxc3 7. Nxc3 d6 8. e5
Bg4 9. exd6 Bxd6 10. Re1+ Nge7 11. Bxf7+ Kxf7 12. Ng5+ hxg5 13. Qxg4 Qc8 14.
Qe4 Kf8 15. g3 Qh3 16. Bxg5 Qxh2+ 17. Kf1 Qh1+ 18. Ke2 Qh5+ 0-1

[Event "18sen.Bay.EM2006 Schney op"]
[Site "Schloss Schney (25.6.-3.7)"]
[Date "2006.06.26"]
[Round "2.39"]
[White "Scheuerlein, Gerhard"]
[Black "Conitz, Helmut"]
[Result "1-0"]
[WhiteElo "1684"]
[BlackElo "1440"]
[PlyCount "95"]
[EventDate "2006.07.??"]
[Source "Ganslmayer"]
[SourceDate "2012.12.20"]

1. Nf3 Nc6 2. c4 e5 3. d3 b6 4. Nc3 Bb4 5. a3 Bxc3+ 6. bxc3 Nge7 7. e4 d6 8.
Be2 O-O 9. O-O Ng6 10. Be3 f6 11. Qd2 Bg4 12. h3 Be6 13. Rab1 Qd7 14. Kh2 Nce7
15. g4 Kf7 16. d4 Qc8 17. c5 d5 18. exd5 Bxd5 19. Ne1 Rh8 20. c4 Be4 21. Rc1
exd4 22. Bxd4 Rb8 23. f3 Bc6 24. Nd3 Qe6 25. Rce1 Rbd8 26. Qc3 Qd7 27. Bf2 h5
28. cxb6 cxb6 29. c5 Nd5 30. Qb3 Qc7+ 31. Bg3 Qd7 32. Bd6 bxc5 33. Bxc5 Qc7+
34. Kg2 Ngf4+ 35. Nxf4 Qxf4 36. Bf2 h4 37. Bc4 Kg6 38. Bd3+ Kg5 39. Be4 Ne7 40.
Bxc6 Nxc6 41. Qb7 Kg6 42. Qxc6 Rd2 43. Qe4+ Kg5 44. Qxf4+ Kxf4 45. Re4+ Kg5 46.
Re7 Rg8 47. Rxa7 g6 48. Kh1 1-0

[Event "18sen.Bay.EM2006 Schney op"]
[Site "Schloss Schney (25.6.-3.7)"]
[Date "2006.06.26"]
[Round "2.40"]
[White "Kurz, Leonhard"]
[Black "Narr, Irmgard"]
[Result "0-1"]
[WhiteElo "1634"]
[BlackElo "1513"]
[PlyCount "66"]
[EventDate "2006.07.??"]
[Source "Ganslmayer"]
[SourceDate "2012.12.20"]

1. e4 e6 2. d4 d5 3. Nc3 dxe4 4. Nxe4 Nc6 5. Nf3 Be7 6. Be3 Nf6 7. Nxf6+ Bxf6
8. c3 O-O 9. Bd3 b6 10. Qc2 h6 11. O-O-O a5 12. h4 a4 13. g4 a3 14. b3 Be7 15.
Qd2 Qd5 16. Rh3 b5 17. Bxh6 b4 18. c4 Qd6 19. Bf4 Qd7 20. Bc2 Bd6 21. Qd3 Bxf4+
22. Kb1 f5 23. g5 Ba6 24. h5 Qe7 25. Rg1 Rad8 26. h6 g6 27. h7+ Kh8 28. Rh6 Qg7
29. Nh4 Ne7 30. Nf3 Bb7 31. Rh4 Be4 32. Qe2 Bxf3 33. Qxf3 Qxd4 0-1

[Event "18sen.Bay.EM2006 Schney op"]
[Site "Schloss Schney (25.6.-3.7)"]
[Date "2006.06.26"]
[Round "2.41"]
[White "Grueneschild, Hildegard"]
[Black "Alefs, Heinz"]
[Result "0-1"]
[WhiteElo "1440"]
[BlackElo "1643"]
[PlyCount "112"]
[EventDate "2006.07.??"]
[Source "Ganslmayer"]
[SourceDate "2012.12.20"]

1. c4 c5 2. g3 Nf6 3. Bg2 e6 4. Nc3 Nc6 5. e3 Be7 6. Nge2 O-O 7. O-O d5 8. cxd5
exd5 9. d4 cxd4 10. exd4 Be6 11. Be3 a6 12. a3 Qd7 13. Nf4 Rfd8 14. Nxe6 fxe6
15. b4 b5 16. Qd3 Qe8 17. f4 Ng4 18. Bd2 Bf6 19. Ne2 h5 20. h3 Nh6 21. Rac1 Nf5
22. Bc3 Rac8 23. Kh2 Rd7 24. Rfd1 Rdc7 25. Bb2 Nd6 26. Rc2 Nc4 27. Ba1 Ne7 28.
Ng1 Nf5 29. Re1 Qd7 30. Rce2 Re8 31. Nf3 Qf7 32. Ne5 Nxe5 33. dxe5 Bd8 34. Rc2
Rc4 35. Rec1 Bb6 36. Rxc4 bxc4 37. Qf3 g6 38. a4 Qd7 39. a5 Ba7 40. g4 Nh4 41.
Qg3 Nxg2 42. Kxg2 Kh7 43. Qh4 Qe7 44. Qe1 Qb7 45. Kg3 Rb8 46. Rb1 Bc5 47. Bc3
d4 48. Bd2 c3 49. Bxc3 dxc3 50. Qxc3 Bxb4 51. Rxb4 Qxb4 52. Qc7+ Kg8 53. gxh5
gxh5 54. Qc6 Qe1+ 55. Kg2 Rb2+ 56. Kf3 Rf2+ 0-1

[Event "18sen.Bay.EM2006 Schney op"]
[Site "Schloss Schney (25.6.-3.7)"]
[Date "2006.06.26"]
[Round "2.42"]
[White "Bauer, Hermann(31)"]
[Black "Breitfuss, Joachim++"]
[Result "1-0"]
[WhiteElo "1620"]
[BlackElo "1385"]
[PlyCount "115"]
[EventDate "2006.07.??"]
[Source "Ganslmayer"]
[SourceDate "2012.12.20"]

1. Nf3 d5 2. d3 f6 3. g3 e5 4. Bg2 Bb4+ 5. c3 Bd6 6. Nbd2 Ne7 7. O-O Nbc6 8. a3
Be6 9. Qc2 Qd7 10. c4 dxc4 11. Nxc4 Bc5 12. b4 Bd4 13. Rb1 b5 14. Ncd2 O-O 15.
Bb2 Rad8 16. Rbc1 Bxb2 17. Qxb2 Nd4 18. Nxd4 exd4 19. Qc2 Rc8 20. Nf3 Bd5 21.
Qc5 Bxf3 22. Bxf3 c6 23. Rc2 Rc7 24. Rfc1 Rfc8 25. Qh5 g6 26. Qh4 g5 27. Qh5
Qe8 28. Qxe8+ Rxe8 29. Rc5 a6 30. Bxc6 Rec8 31. Bf3 Rxc5 32. Rxc5 Kf8 33. Rxc8+
Nxc8 34. Bb7 Nd6 35. Bxa6 Ke7 36. Kg2 Kd7 37. f4 Kc7 38. fxg5 fxg5 39. Kf3 Kb6
40. Bxb5 Kxb5 41. Kg4 Ka4 42. Kxg5 Kxa3 43. Kh6 Kxb4 44. Kxh7 Kc3 45. g4 Nf7
46. h4 Kd2 47. g5 Ne5 48. g6 Kxe2 49. g7 Ng4 50. Kg6 Ne5+ 51. Kh7 Ng4 52. Kg6
Ne5+ 53. Kf5 Nc6 54. Kf6 Kxd3 55. g8=Q Kd2 56. Qd5 d3 57. Qxc6 Kd1 58. h5 1-0

[Event "18sen.Bay.EM2006 Schney op"]
[Site "Schloss Schney (25.6.-3.7)"]
[Date "2006.06.26"]
[Round "2.43"]
[White "Jakubowski, Karl++"]
[Black "Erler, Klaus-Juergen"]
[Result "0-1"]
[WhiteElo "1373"]
[BlackElo "1627"]
[PlyCount "76"]
[EventDate "2006.07.??"]
[Source "Ganslmayer"]
[SourceDate "2012.12.20"]

1. c4 c6 2. d4 d5 3. c5 e5 4. e3 g6 5. Ne2 Bg7 6. g3 Bg4 7. Bg2 Qf6 8. O-O e4
9. Nbc3 Ne7 10. Qb3 Bc8 11. Bd2 O-O 12. f3 exf3 13. Rxf3 Qe6 14. Nf4 Qd7 15.
Raf1 Qc7 16. Nce2 Bg4 17. R3f2 Nd7 18. Bh3 Bxh3 19. Nxh3 h6 20. Nhf4 Kh7 21.
Qc2 Rae8 22. Nh5 Bh8 23. Rxf7+ Rxf7 24. Rxf7+ Kg8 25. Rxe7 Rxe7 26. Qxg6+ Bg7
27. Nxg7 Rxg7 28. Qxh6 Qd8 29. Nf4 Qf6 30. Qh5 Qf7 31. Qh6 Nf6 32. Qh3 Ne4 33.
Be1 Ng5 34. Qg2 Qf5 35. g4 Qb1 36. Qg3 Qd1 37. Ng2 Nf3+ 38. Qxf3 Qxf3 0-1

[Event "18sen.Bay.EM2006 Schney op"]
[Site "Schloss Schney (25.6.-3.7)"]
[Date "2006.06.26"]
[Round "2.44"]
[White "Zellner, Erwin"]
[Black "Melzig, Ernst"]
[Result "1-0"]
[WhiteElo "1613"]
[BlackElo "1362"]
[PlyCount "43"]
[EventDate "2006.07.??"]
[Source "Ganslmayer"]
[SourceDate "2012.12.20"]

1. d4 d5 2. Bf4 Nf6 3. e3 Nc6 4. c3 e6 5. Nd2 Be7 6. Bd3 O-O 7. Ngf3 Bd6 8. Bg3
Bxg3 9. hxg3 Re8 10. Qc2 g6 11. Ne5 Nxe5 12. dxe5 Ng4 13. Nf3 Kg7 14. Rh4 Nh6
15. O-O-O Nf5 16. Rh2 Rh8 17. Rdh1 f6 18. g4 fxe5 19. Nxe5 Ne7 20. f4 c5 21.
Bxg6 Nxg6 22. Rxh7+ 1-0

[Event "18sen.Bay.EM2006 Schney op"]
[Site "Schloss Schney (25.6.-3.7)"]
[Date "2006.06.26"]
[Round "2.45"]
[White "Rudolph, Rainer"]
[Black "Schuster, Herbert"]
[Result "0-1"]
[WhiteElo "1345"]
[BlackElo "1608"]
[PlyCount "102"]
[EventDate "2006.07.??"]
[Source "Ganslmayer"]
[SourceDate "2012.12.20"]

1. e4 e5 2. Nf3 Nc6 3. Bc4 d6 4. d4 Bg4 5. dxe5 Nxe5 6. Be2 Bxf3 7. Bxf3 Be7 8.
Nc3 c6 9. O-O Bf6 10. Rb1 Ne7 11. Be2 N5g6 12. Qd3 Ne5 13. Qe3 Qb6 14. Bd2 Qxe3
15. Bxe3 O-O 16. Rfd1 Nc8 17. a3 b5 18. Na2 a5 19. f4 Nc4 20. Bxc4 bxc4 21. Kf2
Rb8 22. c3 Re8 23. Kf3 c5 24. g4 Be7 25. g5 f6 26. h4 Kf7 27. Nc1 Rd8 28. Ne2
Rb5 29. Ng3 g6 30. gxf6 Bxf6 31. h5 Rd7 32. hxg6+ hxg6 33. e5 Bg7 34. exd6 Rxd6
35. Rxd6 Nxd6 36. Rd1 Ke6 37. Rd2 a4 38. Ne4 Nxe4 39. Kxe4 Bf8 40. Rg2 Kf6 41.
Rd2 Rb7 42. Kd5 Re7 43. Re2 Kf5 44. Kxc4 Re4+ 45. Kd3 c4+ 46. Kd2 Bd6 47. Rf2
Rxe3 48. Kxe3 Bc5+ 49. Kf3 Bxf2 50. Kxf2 Kxf4 51. Kg2 Ke4 0-1

[Event "18sen.Bay.EM2006 Schney op"]
[Site "Schloss Schney (25.6.-3.7)"]
[Date "2006.06.26"]
[Round "2.46"]
[White "Banfelder, Herbert"]
[Black "Froeling, Philippa"]
[Result "1-0"]
[WhiteElo "1607"]
[BlackElo "1227"]
[PlyCount "49"]
[EventDate "2006.07.??"]
[Source "Ganslmayer"]
[SourceDate "2012.12.20"]

1. e4 e5 2. f4 d6 3. Nf3 Bg4 4. Bc4 Bxf3 5. Qxf3 exf4 6. Qxf4 Nf6 7. Nc3 c6 8.
d4 d5 9. exd5 cxd5 10. Qe5+ Qe7 11. Qxe7+ Bxe7 12. Nxd5 Nxd5 13. Bxd5 Nc6 14.
c3 Rd8 15. Bb3 O-O 16. O-O Na5 17. Bc2 h6 18. Bf4 Bd6 19. Bxd6 Rxd6 20. Rae1
Re6 21. b4 Nc4 22. Bb3 Rfe8 23. Rxe6 Rxe6 24. Bxc4 Re7 25. Bd5 1-0

[Event "18sen.Bay.EM2006 Schney op"]
[Site "Schloss Schney (25.6.-3.7)"]
[Date "2006.06.26"]
[Round "2.47"]
[White "Eckstein, Luise"]
[Black "Philipp, Gerhard"]
[Result "0-1"]
[WhiteElo "1092"]
[BlackElo "1593"]
[PlyCount "32"]
[EventDate "2006.07.??"]
[Source "Ganslmayer"]
[SourceDate "2012.12.20"]

1. e4 Nf6 2. e5 Nd5 3. d4 e6 4. a3 c5 5. c4 Nb6 6. Nf3 d5 7. exd6 Qxd6 8. Be3
cxd4 9. Qxd4 Qc7 10. b4 Nc6 11. Qd2 Be7 12. Be2 O-O 13. O-O Rd8 14. Bd3 Nxc4
15. Qc3 Nxe3 16. fxe3 Bf6 0-1